| 000 | 00710cam a22002651 4500 | ||
|---|---|---|---|
| 999 |
_c7473 _d7473 |
||
| 001 | 7473 | ||
| 003 | BD-JhCC | ||
| 005 | 20180211102940.0 | ||
| 008 | 711228s1964 nyua 000 0 eng | ||
| 035 | _a(BD-JhCC)7473 | ||
| 035 | _a(OCoLC)188057 | ||
| 040 |
_aDLC _cODaWU _dWU _dDLC _dBD-JhCC |
||
| 041 | _aeng | ||
| 050 | 0 | 0 |
_aLB3621 _b.S7 1964 |
| 082 |
_a371.805 _bSPE 1964 |
||
| 100 | 1 |
_aSpears, Harold, _d1902- |
|
| 245 | 1 | 0 |
_aHigh school journalism / _c Harold Spears, |
| 250 | _a3d rev. ed. | ||
| 260 |
_aNew York : _bMacmillan Co., _c[c1964] |
||
| 300 |
_a474 p. : _billus. ; _c23 cm. |
||
| 650 | 0 | _aStudent newspapers and periodicals. | |
| 650 | 0 | _aJournalism. | |
| 942 |
_2ddc _cBK |
||